Modern Techniques in High-Resolution FT-NMR /

Saved in:
Bibliographic Details
Main Authors: Chandrakumar, Narayanan (Author), Subramanian, Sankaran (Author)
Format: Book
Published: New York : Springer Verlag, 1987
Tags: Add Tag
No Tags, Be the first to tag this record!

MARC

LEADER 00000nam a22000003a 4500
001 stu19781
005 20150617225752.7
008 ------s1987----xxu---------------------d
040 |a STU  |b slo 
041 0
044 |a xxu 
080 |a 537.635 
080 |a 539.17.013 
100 1 |a Chandrakumar, Narayanan  |4 aut 
245 1 |a Modern Techniques in High-Resolution FT-NMR /  |c [aut.]Chandrakumar,Narayanan, Subramanian,Sankaran 
260 |a New York :  |b Springer Verlag,  |c 1987 
300 |a 388 s :  |b Tab.,grafy,lit.,index 
700 1 |a Subramanian, Sankaran  |4 aut 
996 |b C78588  |c C*78588  |l CCXXV  |s P  |a 0  |w stu19781_0001